|
|
|
|
| LEADER |
01108naa a2200289 i 4500 |
| 001 |
acta74047 |
| 005 |
20220808153917.0 |
| 008 |
211118s2020 hu o 1|| eng d |
| 020 |
|
|
|a 978-963-306-771-0
|
| 040 |
|
|
|a SZTE Egyetemi Kiadványok Repozitórium
|b hun
|
| 041 |
|
|
|a eng
|
| 100 |
1 |
|
|a Ahmadi Mirela
|
| 245 |
1 |
0 |
|a Herbs' products used in antiviral protection and therapy
|h [elektronikus dokumentum] /
|c Ahmadi Mirela
|
| 260 |
|
|
|c 2020
|
| 300 |
|
|
|a 399
|
| 490 |
0 |
|
|a Proceedings of the International Symposium on Analytical and Environmental Problems
|v 26
|
| 650 |
|
4 |
|a Természettudományok
|
| 650 |
|
4 |
|a Kémiai tudományok
|
| 695 |
|
|
|a Biokémia, Gyógynövények, Növénykémia
|
| 700 |
0 |
1 |
|a Pet Ioan
|e aut
|
| 700 |
0 |
1 |
|a Ştef Lavinia
|e aut
|
| 700 |
0 |
1 |
|a Păcală Nicolae
|e aut
|
| 700 |
0 |
1 |
|a Dumitrescu Gabi
|e aut
|
| 700 |
0 |
2 |
|a Ciochină-Petculescu Liliana
|e aut
|
| 700 |
0 |
2 |
|a Dronca Dorel
|e aut
|
| 710 |
|
|
|a International Symposium on Analytical and Environmental Problems (26.) (2020) (Szeged)
|
| 856 |
4 |
0 |
|u http://acta.bibl.u-szeged.hu/74047/1/proceedings_of_isaep_2020_399.pdf
|z Dokumentum-elérés
|